12 luni în 15 secunde - Statistics

General Stats
  • This quiz has been taken 248 times
  • The average score is 7 of 12
Answer Stats
lună % Correct
ianuarie
90%
februarie
88%
aprilie
79%
martie
79%
mai
76%
iunie
64%
iulie
60%
august
45%
septembrie
33%
octombrie
21%
decembrie
10%
noiembrie
10%
No matching quizzes found
Score Distribution
Percent of People with Each Score
Percentile by Number Answered
Your Score History
You have not taken this quiz